| 000 | 00536nam a2200145Ia 4500 | ||
|---|---|---|---|
| 008 | 231129s1999||||xx |||||||||||||| ||spa|| | ||
| 020 | _a958-648-163-8 | ||
| 040 | _bspa | ||
| 082 | _a658.151 M291c | ||
| 100 | _aMantilla B. Samuel Alberto | ||
| 245 | 0 | _aControl interno de los nuevos instrumentos financieros:una herramienta de informacion para considerar el COSOInternal control-integrated framework en aplicaciones de derivados | |
| 260 | _c1999 | ||
| 264 | _aEcoe Ediciones | ||
| 942 |
_2ddc _cBKS |
||
| 999 |
_c8076 _d8076 |
||